00771nam a2200193 i 4500001000700000003000900007005001700016008004100033040003000074080003900104100002400143245009600167260002900263300002100292530003500313611007100348852006900419856008900488164838ES-MaACL20250718191210.0010719q1881 fr |||| | fre d aCCPB | B bspa cCCPB | B a930.85(7/8):061.3(460.27 M.)"1881"1 aSaussure, Henri de.13aLe Congrés des Américanistes tenu a Madrid en septembre 1881 / cpar Henri de Saussure. a[S.l. : bs.n., c1881?] a48 p. ; c24 cm. aDisponible en formato digital.27aCongreso Internacional de Americanistasn(4º. d1881. cMadrid)2 aES-MaACLjT-541-F-2 z-- Enc. hol. z-- Enc. en un vol. facticio uhttp://bdh-rd.bne.es/viewer.vm?id=0000102241&page=1 zBiblioteca Digital Hispánica